A practical introduction to electronic circuits. (Record no. 169591)
[ view plain ]
| 000 -LEADER | |
|---|---|
| fixed length control field | 01109cam2a220028900 4500 |
| 001 - CONTROL NUMBER | |
| control field | zam00002170 |
| 008 - FIXED-LENGTH DATA ELEMENTS--GENERAL INFORMATION | |
| fixed length control field | 951128s1977 xx eng u |
| 035 ## - SYSTEM CONTROL NUMBER | |
| System control number | (Sirsi) r19549 |
| 035 ## - SYSTEM CONTROL NUMBER | |
| System control number | (MACHINE)SLC. |
| 100 1# - MAIN ENTRY--PERSONAL NAME | |
| Personal name | Jones, M. H. |
| Linkage | A80472.1 |
| 245 12 - TITLE STATEMENT | |
| Title | A practical introduction to electronic circuits. |
| 260 ## - PUBLICATION, DISTRIBUTION, ETC. | |
| Date of publication, distribution, etc. | 1977. |
| 591 ## - | |
| -- | Class code: EE 440. |
| 591 ## - | |
| -- | Course: Electronic engineering. |
| 591 ## - | |
| -- | School: S04. |
| 591 ## - | |
| -- | Lecturer: Mr. CHIMFWEMBE, P.C. |
| 591 ## - | |
| -- | Number of Students: 17. |
| 949 ## - LOCAL PROCESSING INFORMATION (OCLC) | |
| a | TK7867 |
| w | lcc |
| i | 33729001870224 |
| m | MAIN |
| p | 2500 |
| t | SHORTLOAN |
| l | SHORTLOAN |
| 949 ## - LOCAL PROCESSING INFORMATION (OCLC) | |
| a | TK7867 |
| w | lcc |
| i | 33729000105309 |
| m | MAIN |
| p | 2500 |
| t | SHORTLOAN |
| l | SHORTLOAN |
| 949 ## - LOCAL PROCESSING INFORMATION (OCLC) | |
| a | TK7867 |
| w | lcc |
| i | 33729000105366 |
| m | MAIN |
| p | 2500 |
| t | SHORTLOAN |
| l | SHORTLOAN |
| 949 ## - LOCAL PROCESSING INFORMATION (OCLC) | |
| a | TK7867 |
| w | lcc |
| i | 33729000105473 |
| m | MAIN |
| p | 2500 |
| t | SHORTLOAN |
| l | SHORTLOAN |
| 949 ## - LOCAL PROCESSING INFORMATION (OCLC) | |
| a | TK7867 |
| w | lcc |
| i | 33729000105531 |
| m | MAIN |
| p | 2500 |
| t | SHORTLOAN |
| l | SHORTLOAN |
| 949 ## - LOCAL PROCESSING INFORMATION (OCLC) | |
| a | TK7867 |
| w | lcc |
| i | 33729000105598 |
| m | MAIN |
| p | 2500 |
| t | SHORTLOAN |
| l | SHORTLOAN |
| 900 ## - EQUIVALENCE OR CROSS-REFERENCE-PERSONAL NAME [LOCAL, CANADA] | |
| -- | MAIN |
| Field link and sequence number | TK7867 |
| -- | JON |
| Titles and other words associated with a name | 6 |
| 909 ## - | |
| -- | Book |
No items available.